Расчет и конструирование вагонов. Ч. 2: Проектирование вагонов (Запись № 13598820)
[ простой вид ]
| 000 -МАРКЕР | |
|---|---|
| контрольное поле | 01930nam2a2200313 4500 |
| 001 - ИДЕНТИФИКАТОР ЗАПИСИ | |
| контрольное поле | rc\2937575 |
| 005 - ИДЕНТИФИКАТОР ВЕРСИИ | |
| контрольное поле | 20260405155531.0 |
| 035 ## - ДРУГИЕ СИСТЕМНЫЕ НОМЕРА | |
| Идентификатор записи | (NLR Aleph) 007086604 |
| 100 ## - ДАННЫЕ ОБЩЕЙ ОБРАБОТКИ | |
| Данные общей обработки | 20110823d1940 u y0rusy50 ca |
| 101 0# - ЯЗЫК РЕСУРСА | |
| Язык текста, звукозаписи и т.д. | русский |
| 102 ## - СТРАНА ПУБЛИКАЦИИ ИЛИ ПРОИЗВОДСТВА | |
| Страна публикации | российская федерация |
| 105 ## - ПОЛЕ КОДИРОВАННЫХ ДАННЫХ: ТЕКСТОВЫЕ МАТЕРИАЛЫ, МОНОГРАФИЧЕСКИЕ | |
| Кодированные данные о монографическом текстовом документе | a z ||||| |
| 200 1# - ЗАГЛАВИЕ И СВЕДЕНИЯ ОБ ОТВЕТСТВЕННОСТИ | |
| Основное заглавие | Проектирование вагонов |
| Первые сведения об ответственности | Под ред. д-ра техн. наук проф. А.А. Попова |
| 210 ## - ПУБЛИКАЦИЯ, РАСПРОСТРАНЕНИЕ И ДР. | |
| Дата издания, распространения и т.д. | 1940 |
| 215 ## - ФИЗИЧЕСКАЯ ХАРАКТЕРИСТИКА | |
| Специфическое обозначение материала и объем | 372 с. |
| Другие сведения о физической характеристике | черт. |
| 300 ## - ОБЩИЕ ПРИМЕЧАНИЯ | |
| Текст примечания | В сост. принимали участие: доц. Н.Н. Рыкалин, инж.-аспирант Л.Н. Никольский, доц. А.М. Тимашев, доц. П.Н. Афанасьев |
| 461 #0 - УРОВЕНЬ НАБОРА | |
| Встроенное поле | 001rc\2937574 |
| -- | 2001#$aРасчет и конструирование вагонов$eУтв. ВКВШ при СНК СССР в качестве учебника для машиностроит. втузов$fд-р техн. наук проф. М.А. Короткевич$vЧ. 2 |
| -- | 700#1$aКороткевич$bМ.А.$gМихаил Алексеевич$f1879- |
| Системный номер (АБИС) связанной записи | 6531134 |
| Автор | Короткевич, М.А. (1879-) |
| Место публикации | Москва |
| Дата публикации | 1940 |
| Первые сведения об ответственности | д-р техн. наук проф. М.А. Короткевич |
| Имя издателя, распространителя и т.д. | Машгиз |
| Сведения, относящиеся к заглавию | Утв. ВКВШ при СНК СССР в качестве учебника для машиностроит. втузов |
| Заглавие | Расчет и конструирование вагонов |
| Номер тома | Ч. 2 |
| 702 #1 - ИМЯ ЛИЦА - ВТОРИЧНАЯ ОТВЕТСТВЕННОСТЬ | |
| Код отношения | Редактор |
| Материалы, к которым относится поле | rus |
| Графика поля | Кириллица |
| Начальный элемент ввода | Попов |
| Часть имени, кроме начального элемента ввода | А. А. |
| Дополнения к именам, кроме дат | д-р техн. наук, строит. механика |
| Даты | 1905-1966 |
| Расширение инициалов личного имени | Алексей Александрович |
| Идентификатор авторитетной/нормативной записи | RU\NLR\AUTH\7766311 |
| Системный номер авторитетной/нормативной записи | 49239 |
| 702 #1 - ИМЯ ЛИЦА - ВТОРИЧНАЯ ОТВЕТСТВЕННОСТЬ | |
| Начальный элемент ввода | Рыкалин |
| Часть имени, кроме начального элемента ввода | Н.Н. |
| Код отношения | Составитель |
| 702 #1 - ИМЯ ЛИЦА - ВТОРИЧНАЯ ОТВЕТСТВЕННОСТЬ | |
| Начальный элемент ввода | Никольский |
| Часть имени, кроме начального элемента ввода | Л.Н. |
| Код отношения | Составитель |
| 702 #1 - ИМЯ ЛИЦА - ВТОРИЧНАЯ ОТВЕТСТВЕННОСТЬ | |
| Начальный элемент ввода | Тимашев |
| Часть имени, кроме начального элемента ввода | А.М. |
| Код отношения | Составитель |
| 702 #1 - ИМЯ ЛИЦА - ВТОРИЧНАЯ ОТВЕТСТВЕННОСТЬ | |
| Начальный элемент ввода | Афанасьев |
| Часть имени, кроме начального элемента ввода | П.Н. |
| Код отношения | Составитель |
| 801 #0 - ИСТОЧНИК ЗАПИСИ | |
| Страна | российская федерация |
| Организация | NLR |
| Правила каталогизации | psbo |
| 801 #1 - ИСТОЧНИК ЗАПИСИ | |
| Страна | российская федерация |
| Организация | ELAR |
| Источник данных | rusmarc |
| 852 ## - МЕСТОНАХОЖДЕНИЕ И ШИФР ХРАНЕНИЯ | |
| Идентификатор организации | NLR |
| Шифр хранения (Call Number) | 39-18/87(2) |
| 942 ## - ДОПОЛНИТЕЛЬНЫЕ ЭЛЕМЕНТЫ ЗАПИСИ (АБИС) | |
| Тип экземпляра АБИС | Неопределено |
| 980 ## - КОЛЛЕКЦИЯ | |
| Название коллекции | Национальная библиография |
Нет доступных экземпляров.